| 000 | 00458nam a2200169Ia 4500 | ||
|---|---|---|---|
| 003 | GCL | ||
| 008 | 140319s9999 xx 000 0 ara d | ||
| 040 |
_aGCL / _cGCL |
||
| 082 | 0 | 4 |
_a323.4 _bخ د |
| 100 | 1 | _aخالد محمد خالد | |
| 245 | 1 | 0 |
_aالدين فى خدمة الشعب / _cخالد محمد خالد |
| 300 | _a80 ص | ||
| 490 | _a | ||
| 650 | 0 | 4 | _aالاسلام والمجتمع |
| 650 | 0 | 4 | _aحقوق الانسان |
| 942 |
_2ddc _cBK |
||
| 999 |
_c38365 _d38365 |
||